Statistics for Common countries you might know

Click here to take the quiz!

General Stats

  • This quiz has been taken 11 times
  • The average score is 15 of 16

Answer Stats

Answer% Correct
Australia
100%
Brazil
100%
China
100%
France
100%
Germany
100%
Italy
100%
Japan
100%
Mexico
100%
Russia
100%
Spain
100%
Uk
100%
Usa
100%
Portugal
90%
Egypt
80%
Morocco
60%
Madagascar
40%

Score Distribution

Percentile by Number Answered

Percent of People with Each Score

Your Score History

You have not taken this quiz